The chronicles of Narnia: the horse and his body (Record no. 9001)

MARC details
000 -LEADER
fixed length control field 00882nam a22002177a 4500
003 - CONTROL NUMBER IDENTIFIER
control field OSt
005 - DATE AND TIME OF LATEST TRANSACTION
control field 20260312025515.0
008 - FIXED-LENGTH DATA ELEMENTS--GENERAL INFORMATION
fixed length control field 260312b |||||||| |||| 00| 0 eng d
020 ## - INTERNATIONAL STANDARD BOOK NUMBER
International Standard Book Number 9780064471060
040 ## - CATALOGING SOURCE
Original cataloging agency DWCL GS lib
Transcribing agency OC
082 ## - DEWEY DECIMAL CLASSIFICATION NUMBER
Classification number L673 1994
100 ## - MAIN ENTRY--PERSONAL NAME
Personal name C. S. LEWIS
245 ## - TITLE STATEMENT
Title The chronicles of Narnia: the horse and his body
Statement of responsibility, etc. C.S. LEWIS
260 ## - PUBLICATION, DISTRIBUTION, ETC.
Place of publication, distribution, etc. New York
Name of publisher, distributor, etc. C.S. LEWIS
Date of publication, distribution, etc. 1994
300 ## - PHYSICAL DESCRIPTION
Extent 241 p
Other physical details illustrations
Dimensions 17cm
520 ## - SUMMARY, ETC.
Summary, etc. It follows Shasta, a young boy, and Bree, a talking horse, as they escape slavery and travel north, discovering a Calormene plot to invade Archenland and Narnia.
650 ## - SUBJECT ADDED ENTRY--TOPICAL TERM
Topical term or geographic name entry element providence, personal growth, and the pursuit of freedom, where characters move from a state of selfish fear to trusting obedience.
650 ## - SUBJECT ADDED ENTRY--TOPICAL TERM
Topical term or geographic name entry element providence, identity, and the nature of true freedom
700 ## - ADDED ENTRY--PERSONAL NAME
Personal name C.S. LEWIS
942 ## - ADDED ENTRY ELEMENTS (KOHA)
Source of classification or shelving scheme Dewey Decimal Classification
Koha item type Fiction
Suppress in OPAC No

No items available.